| 000 | 00735nam a22002537a 4500 | ||
|---|---|---|---|
| 001 | 24162 | ||
| 003 | HDC | ||
| 008 | 220721b ||||| |||| 00| 0 eng d | ||
| 040 | _aHDC | ||
| 245 | 0 | _aMalaysia Standard Industrial Classification 2008 Ver. 1.0 | |
| 260 |
_aKuala Lumpur: _bJabatan Perangkaan Malaysia, _c2000 |
||
| 300 |
_avolumes _c21cm. |
||
| 336 | _2rdacontent | ||
| 337 | _2rdamedia | ||
| 338 | _2rdacarrier | ||
| 650 |
_aIndustrial statistics _zMalaysia _vPeriodicals _920370 |
||
| 650 |
_aIndustries _vClassification _vStatistics _zMalaysia _920368 |
||
| 650 |
_aStandardization _zMalaysia _94500 |
||
| 710 |
_aMalaysia _bJabatan Perangkaan |
||
| 942 | _2lcc | ||
| 942 | _cBK | ||
| 942 | _kHC 445.5 | ||
| 942 | _m.A1 M326 | ||
| 999 |
_c21561 _d21561 |
||